000 00502nam a2200193Ia 4500
005 20250423095534.0
008 250422s9999 xx 000 0 und d
020 _a1413013961
050 _aPE 1112 .E43/
100 _aElbaum, Sandra N.
245 0 _aGrammar in context 3
250 _a4th ed.
260 _aUnited States
260 _bThomson Heinle
260 _c2005
300 _a467 p
650 _aEnglish language_Textbooks for foreign speakers English language_Grammar
942 _cBK
999 _c30582
_d30582